• 首页
  • 本馆介绍
  • 公告通知
  • 最新文献
  • 馆藏检索
  • 电子资源
  • 读者导购
  • 参考咨询
  • 我的图书馆
  • 登录
  • 详细信息显示
  • 放入我的书架
  • 预约/预借图书
  • 作者相关作品
  • 分类相关作品
  • 丛书相关作品
  • 出版社相关作品

书目信息

  • 表格格式
  • 工作单格式
  • 卡片格式
题名:
电子技术实验与设计教程
    
 
作者: 刘建成 , 冒晓莉 编著
分册:  
出版信息: 北京   电子工业出版社  2016.5
页数: 238页
开本: 26cm
丛书名:
单 册:
中图分类: TN-33 , TN702
科图分类:
主题词: 电子技术--实验--高等学校--教材 , 电子电路--电路设计--高等学校--教材
电子资源:
ISBN: 978-7-121-28809-8
000 01127nam0 2200301 450
001 0400002755
005 20171026085128.12
010    @a978-7-121-28809-8@dCNY35.00
100    @a20160826d2016 em y0chiy50 ea
101 0  @achi
102    @aCN@b110000
105    @aa z 000yy
106    @ar
200 1  @a电子技术实验与设计教程@9dian zi ji shu shi yan yu she ji jiao cheng@f刘建成, 冒晓莉编著
205    @a第2版
210    @a北京@c电子工业出版社@d2016.5@h2017.6
215    @a238页@c图@d26cm
300    @a普通高等教育“十三五”规划教材 电子电气基础课程规划教材
320    @a有书目(第238页)
330    @a本书分为3个部分和4个附录。第一部分为模拟电路实验部分;第二部分为数字电路实验部分;第三部分为综合实验部分;附录分别为几种常用仪器的使用说明、电路元器件的特性和规格、NI Multisim 13使用指南和电路故障分析的基本方法。
606 0  @a电子技术@x实验@x高等学校@j教材
606 0  @a电子电路@x电路设计@x高等学校@j教材
690    @aTN-33@v5
690    @aTN702@v5
701  0 @a刘建成@9liu jian cheng@4编著
701  0 @a冒晓莉@9mao xiao li@4编著
801  0 @aCN@b91MARC@c20171021
905    @b1032650-4@dTN-33@f5@e119=2
    
    电子技术实验与设计教程/刘建成, 冒晓莉编著.-第2版.-北京:电子工业出版社,2016.5(2017.6)
    238页:图;26cm
    普通高等教育“十三五”规划教材 电子电气基础课程规划教材
    
    ISBN 978-7-121-28809-8:CNY35.00
    本书分为3个部分和4个附录。第一部分为模拟电路实验部分;第二部分为数字电路实验部分;第三部分为综合实验部分;附录分别为几种常用仪器的使用说明、电路元器件的特性和规格、NI Multisim 13使用指南和电路故障分析的基本方法。
●
相关链接 在E读中查询图书 在五车中查询图书 在当当中查询图书 在豆瓣中查询图书


正题名:电子技术实验与设计教程     索取号:TN-33/119=2         预约/预借

序号 登录号 条形码 馆藏地/架位号 状态 备注
1 1032650   210326501   第二样本阅览室/ [索取号:TN-33/119=2] 在馆    
2 1032651   210326510   密集书库-物理学院/ [索取号:TN-33/119=2] 在馆    
3 1032652   210326529   第三借阅区/ [索取号:TN-33/119=2] 在馆    
4 1032653   210326538   第三借阅区/ [索取号:TN-33/119=2] 在馆    
5 1032654   210326547   第三借阅区/ [索取号:TN-33/119=2] 在馆    
唐山师范学院图书馆 欢迎您!
大连网信软件有限公司© 版权所有